000
00326 a2200157 4500
001
152109
040
_c
Escola São Tomás de Aquino
100
_a
CARR, Stella
240
1
0
_a
Paranóia
_l
por
245
1
0
_a
Paranóia
300
_a
142
362
0
_a
2004
440
1
_a
FTD
697
_a
*LITERATURA JUVENIL
942
_c
BK
999
_c
152109
_d
152109